000 00389cam a2200157ua 4500
041 _aeng
_h
082 _a511.324
_bHAL/LE
100 _aHalmos, Paul R .
245 _aLectures on Boolean algebra /
_cPaul R Halmos.
_hTextual Documents
250 _a1 /
_b.
260 _aLondon :
_bD Van nostrand co ,
_c1963.
300 _a147 ; .
504 _a
942 _cBK
999 _c9624
_d9624